Responses for Show #3238 - Wednesday, October 7, 1998

Contestants

[<< previous game]

Jonathan Silbert, a superior court judge from Gulford, Connecticut

Sheryl Read, an accounting student from Cinnaminson, New Jersey

Linda Zusman, a foreign language teacher from Albany, New York (whose 1-day cash winnings total $12,000)

[next game >>]

Jeopardy! Round responses

ON THE MAP
COUNTRY BOYS
HISTORIC CLASSIFIEDS
PEOPLE IN POETRY
ENDS IN "LOW"
STUPID ANSWERS
    $100 19
Ireland

Sheryl
    $100 26
Garth Brooks

Triple Stumper
    $100 14
Alaska

Jonathan
    $100 11
Longfellow

Linda
    $100 6
a bedfellow

Linda
    $100 1
baking

Jonathan
    $200 20
Chile

Jonathan
    $200 27
Clint Black

Sheryl
    $200 15
St. Patrick

Jonathan
    $200 12
Cromwell

Linda
    $200 7
"Mellow Yellow"

Linda
    $200 2
Will Hunting

Linda
    $300 21
Iceland

Jonathan
    $300 28
Merle Haggard

Triple Stumper
    $300 16
(Sheryl: Who is Lord Nelson?)

Winston Churchill

LindaSheryl
    $600 13
(Linda: Who is Cleveland?)

Warren G. Harding

Linda
    $300 8
a bungalow

Jonathan
    $300 3
(Linda: What were the Academy Awards, [*]?)

the Oscars

Linda
    $400 22
(Jonathan: What is Somalia?)
(Sheryl: What is Ethiopia?)
(Linda: What is Saudi Arabia?)

Sudan

LindaSherylJonathan
Triple Stumper
    $400 29
Eddie Rabbitt

Sheryl
    $400 17
Michelangelo

Jonathan
    $400 24
(Alex: Less than a minute to go.)

Whitman

Triple Stumper
    $400 9
hallow

Linda
    $400 4
(Jonathan: What is The Strip?)
(Linda: What is Sunset Strip?)

Las Vegas Boulevard

LindaJonathan
Triple Stumper
    $500 23
Malta

Triple Stumper
    $500 30
Bryan White

Triple Stumper
    $500 18
(Sheryl: Who is Mary, Queen of Scots?)

Queen Christina of Sweden

Sheryl
Triple Stumper
    $500 25
his grasp

Jonathan
    $500 10
Saul Bellow

Jonathan
    $500 5
León

Linda

Scores at the first commercial break (after clue 13):

Linda Sheryl Jonathan
$1,000 $0 $500

Scores at the end of the Jeopardy! Round:

Linda Sheryl Jonathan
$900 -$500 $1,800

Double Jeopardy! Round responses

BUSINESS & INDUSTRY
1970s TV
JUDGES
HERE ON EARTH
SHOW ME THE MONEY!
SOUNDING OFF
    $200 6
Walden

Linda
    $200 1
The Odd Couple

Linda
    $200 17
Sandra Day O'Connor

Triple Stumper
    $200 13
the Atlantic

Sheryl
    $200 11
Marconi

Linda
    $200 24
cock-a-doodle-doo

Linda
    $400 7
Price Waterhouse

Sheryl
    $400 2
Rhoda & Phyllis

Linda
    $400 18
Scopes

Jonathan
    $400 14
Mount Ararat

Sheryl
    $400 12
(Jonathan: What is Brazil?)

Australia

Jonathan
Triple Stumper
    $400 27
a crack

Triple Stumper
    $600 8
Alcoa

Jonathan
    $600 3
the Waltons

Sheryl
    $1,000 19
Salem (Massachusetts)

Jonathan
    $600 15
wobble

Jonathan
    $600 23
(Alex: We have less than a minute to go.)

the Mayan (Maya)

Sheryl
    $600 28
(Linda: What is the oink?)
(Sheryl: What is the snout?)
...
[The end-of-round signal sounds.]

the squeal

LindaSheryl
Triple Stumper
    $800 9
Travelers

Jonathan
    $800 4
Eight Is Enough

Sheryl
    $800 20
(Kenesaw Mountain) Landis

Jonathan
    $1,000 16
(Jonathan: What is loam?)

humus

Jonathan
    $800 25
Benito Juárez

Linda
    $1000 10
Nestlé

Linda
    $1000 5
Glen Campbell

Triple Stumper
    $1000 21
Hoffman

Jonathan
    $1000 22
oxygen & silicon

Triple Stumper
    $1000 26
Thailand

Jonathan

Scores at the end of the Double Jeopardy! Round:

Linda Sheryl Jonathan
$3,300 $1,900 $6,600
(lock-tie game)

[wagering suggestions for these scores]

Final Jeopardy! Round responses

MOVIE MUSICALS
SherylWhat is West Side Story?
$1,401
LindaWhat is On the Town?
$3,300
JonathanWhat is "West Side Story"?
$0
West Side Story

Final scores:

Linda Sheryl Jonathan
$0 $3,301 $6,600
3rd place: Rand McNally gift certificate + Jeopardy! electronic game 2nd place: trip Air Europa to Madrid, Spain & stay at Hotel Melia Castilla + Jeopardy! electronic game New champion: $6,600

Game dynamics:

Coryat scores:

Linda Sheryl Jonathan
$3,900 $1,900 $7,200
16 R,
4 W
(including 1 DD)
9 R,
4 W
17 R
(including 1 DD),
4 W
(including 1 DD)

Combined Coryat: $13,000

[game clues] [game scores] [suggest correction]

Game tape date: 1998-08-11
The J! Archive is created by fans, for fans. Scraping, republication, monetization, and malicious use prohibited; this site may use cookies and collect identifying information. See terms. The Jeopardy! game show and all elements thereof, including but not limited to copyright and trademark thereto, are the property of Jeopardy Productions, Inc. and are protected under law. This website is not affiliated with, sponsored by, or operated by Jeopardy Productions, Inc. Join the discussion at JBoard.tv.